000 00679nam a2200205 a 4500
005 20250626063859.0
008 121121s2007 mx r 000 0 spa d
020 _a9706289275
035 _aUPN01000188800
049 _aCG
050 4 _aHQ796
_bA3.5
245 0 4 _aL@s adolescentes y su entorno :
_bocho estrategias de aprendizaje para conocer mejor a nuestr@s adolescentes.
260 _aMéxico :
_bSEP-PRONAP :
_bCONAPO,
_c2007.
300 _a91 p. :
_bil. tablas
650 0 _aAdolescentes
_xConducta de vida
_91767
650 4 _aADOLESCENTES -
_xCONDICIONES SOCIALES
_91015
650 4 _aEducación sexual para adolescentes
_94850
905 _aLibro
999 _c160903
_d160903